Al-Hujwiri Revelation of the Mystery. (Record no. 348367)

000 -LEADER
fixed length control field 00387 a2200157 4500
020 ## - INTERNATIONAL STANDARD BOOK NUMBER
International Standard Book Number 9695191118
082 ## - DEWEY DECIMAL CLASSIFICATION NUMBER
Classification number 297.4
090 ## - LOCALLY ASSIGNED LC-TYPE CALL NUMBER (OCLC); LOCAL CALL NUMBER (RLIN)
-- 5978
-- 5978
100 ## - MAIN ENTRY--PERSONAL NAME
Personal name Nicholson,R.A.
245 ## - TITLE STATEMENT
Title Al-Hujwiri Revelation of the Mystery.
Remainder of title Kashf al-Mahjub
250 ## - EDITION STATEMENT
Edition statement 1st
260 ## - PUBLICATION, DISTRIBUTION, ETC.
Place of publication, distribution, etc. Lahore.
Name of publisher, distributor, etc. Suhail Academy.
Date of publication, distribution, etc. 2005.
300 ## - PHYSICAL DESCRIPTION
Extent 446p.
500 ## - GENERAL NOTE
General note Hardcover.
942 ## - ADDED ENTRY ELEMENTS (KOHA)
Institution code [OBSOLETE] NBS
Koha item type Book
Call number prefix 297.4 NIC
Holdings
Withdrawn status Lost status Damaged status Not for loan Permanent Location Current Location Date acquired Total Checkouts Total Renewals Full call number Barcode Date last seen Date last checked out Price effective from Koha item type
        Central Library (CL) Central Library (CL) 08/28/2013 1 2 297.4 NIC NBSD-1561 11/26/2024 06/06/2024 08/28/2013 Book
© 2023 Central Library, National University of Sciences and Technology. All Rights Reserved.